The project management tool kit : (Record no. 14234)

MARC details
000 -LEADER
fixed length control field 01359cam a22003018a 4500
001 - CONTROL NUMBER
control field ENG-90460
005 - DATE AND TIME OF LATEST TRANSACTION
control field 20041027072032.0
008 - FIXED-LENGTH DATA ELEMENTS--GENERAL INFORMATION
fixed length control field 031105s2004 nyua 001 0 eng
010 ## - LIBRARY OF CONGRESS CONTROL NUMBER
LC control number ENG-90460
020 ## - INTERNATIONAL STANDARD BOOK NUMBER
International Standard Book Number 9788120335561
Terms of availability 225.00
035 ## - SYSTEM CONTROL NUMBER
System control number EN-73993
037 ## - SOURCE OF ACQUISITION
Source of stock number/acquisition DBAD / PUB
040 ## - CATALOGING SOURCE
Original cataloging agency DPL
Language of cataloging EN
082 ## - DEWEY DECIMAL CLASSIFICATION NUMBER
Classification number 658.404 / KEN
100 ## - MAIN ENTRY--PERSONAL NAME
Personal name Kendrick, Tom.
245 ## - TITLE STATEMENT
Title The project management tool kit :
Remainder of title 100 tips and techniques for getting the job done right /
Statement of responsibility, etc Tom Kendrick.
260 ## - PUBLICATION, DISTRIBUTION, ETC. (IMPRINT)
Place of publication, distribution, etc New Delhi
Name of publisher, distributor, etc Prentice-Hall of India
Date of publication, distribution, etc 2008.
300 ## - PHYSICAL DESCRIPTION
Extent xv, 233 p. :
Other physical details ill. ;
Dimensions 23 cm.
500 ## - GENERAL NOTE
General note "Includes processes from all of the areas outlined in the Project Management Institute (PMI) PMBOKr Guide, 2000 Edition"--P. xi.
500 ## - GENERAL NOTE
General note Includes index.
650 ## - SUBJECT ADDED ENTRY--TOPICAL TERM
Topical term or geographic name as entry element Project management
710 ## - ADDED ENTRY--CORPORATE NAME
Corporate name or jurisdiction name as entry element Project Management Institute.
730 ## - ADDED ENTRY--UNIFORM TITLE
Uniform title Guide to the project management body of knowledge (PMBOK guide)
856 ## - ELECTRONIC LOCATION AND ACCESS
Materials specified Table of contents
Uniform Resource Identifier <a href="http://www.loc.gov/catdir/toc/ecip0410/2003023995.html">http://www.loc.gov/catdir/toc/ecip0410/2003023995.html</a>
942 ## - ADDED ENTRY ELEMENTS (KOHA)
Source of classification or shelving scheme Dewey Decimal Classification
Koha item type English Books
Classification part 658.404
Call number suffix KEN
Holdings
Withdrawn status Lost status Source of classification or shelving scheme Damaged status Not for loan Collection code Home library Current library Date acquired Source of acquisition Cost, normal purchase price Total Checkouts Full call number Barcode Date last seen Cost, replacement price Price effective from Koha item type
    Dewey Decimal Classification   Not For Loan Non-fiction D.B.Act.Division D.B.Act.Division 07/07/2008 DBAD / PUB 225.00   658.404 / KEN EN-73993 15/09/2008 225.00 15/09/2008 English Books

© Delhi Public Library
Hit Counter
free hit counter